000
00292nam a2200121Ia 4500
005
20251222152651.0
008
251222s9999||||xx |||||||||||||| ||spa||
082
_a
320.5/P45
100
_a
Pérez de Laborda, Alfonso
245
0
_a
La Revolución Francesa
264
_b
Encuentro
942
_c
LIB
999
_c
28473
_d
28473